00882nam a2200205 a 450000100060000000300080000600500170001400800410003103500190007204000310009108200250012211000680014724501950021525000690041026000450047930000240052465000450054865000400059370000430063315918BD-RjUL20211208235918.0880808s1935 enk 000 0 eng u a(BD-RjUL)15973 aDLCcBD-RjULdBD-RjULbeng a016.88223bSOC 19352 aSociety for the Promotion of Hellenic Studies (London, England)14aThe claim of antiquity :bwith an annotated list of books for those who do not read Greek or Latin /cissued by the councils of the Societies for the promotion of Hellenic and Roman studies  a4th ed. / revised throughout by Bernard Ashmole ... [et al.]  aLondon :bOxford University Press,c1935 a47, [1] p. ;c19 cm aCivilization, Greco-Roman vBibliography aClassical literature vBibliography aAshmole, Bernard ... [et al.] , rev.